02487 2201021 4500001002100000005001500021035002000036245007700056100001500133250001700148300003400165260003100199082001100230084001700241020002200258650002400280008004100304990001600345990001600361990001600377990001600393990001600409990001600425990001600441990001600457990001600473990001600489990001600505990001600521990001600537990001600553990001600569990001600585990001600601990001600617990001600633990001600649990001600665990001600681990001600697990001600713990001600729990001600745990001600761990001600777990001600793990001600809990001600825990001600841990001600857990001600873990001600889990001600905990001600921990001600937990001600953990001600969990001600985990001601001990001601017990001601033990001601049990001601065990001601081990001601097990001601113990001601129990001601145990001601161990001601177990001601193990001601209990001601225990001601241990001601257990001601273990001601289990001601305990001601321990001601337990001601353990001601369990001601385990001601401990001601417990001601433990001601449INLIS00000000000046320250502103423 a0010-07240000181 aSejarah Kebudayaan Islam 2 :bKelas IV Madrasah Ibtidaiyah /cUbaedillah0 aUbaedillah acetakan ke-1 ax, 109 hlm :bilus ;c25,5 cm aBogor :bYudhistira,c2020 a297.09 a297.09 UBA s a978-602-445-998-7 4aBuku Teks Pelajaran250502 0  a00000001588 a00000001589 a00000001590 a00000001591 a00000001592 a00000001593 a00000001594 a00000001595 a00000001596 a00000001597 a00000001598 a00000001599 a00000001600 a00000001601 a00000001602 a00000001603 a00000001604 a00000001605 a00000001606 a00000001607 a00000001608 a00000001609 a00000001610 a00000001611 a00000001612 a00000001613 a00000001614 a00000001615 a00000001616 a00000001617 a00000001618 a00000001619 a00000001620 a00000001621 a00000001622 a00000001623 a00000001624 a00000001625 a00000001626 a00000001627 a00000001628 a00000001629 a00000001630 a00000001631 a00000001632 a00000001633 a00000001634 a00000001635 a00000001636 a00000001637 a00000001638 a00000001639 a00000001640 a00000001641 a00000001642 a00000001643 a00000001644 a00000001645 a00000001646 a00000001647 a00000001648 a00000001649 a00000001650 a00000001651 a00000001652 a00000001653 a00000001654 a00000001655 a00000001656 a00000001657